00258nam a22001097a 4500008004100000020002200041100001300063245002900076260002700105300000800132650000800140250926b |||||||| |||| 00| 0 eng d a978-93-5424-611-1 aR. Kumar aMachine Learning Using R aNew DelhibWileyc2024 a430 aCSE